| 000 | 04609cam a2200217 i 4500 | ||
|---|---|---|---|
| 001 | 18514146 | ||
| 005 | 20170825113855.0 | ||
| 008 | 150206s2016 enk b 001 0 eng c | ||
| 020 | _a9780190248031 (hardcover : acidfree paper) | ||
| 040 | _cPK-LaUMT | ||
| 082 | 0 | 0 |
_a289.3082 _223 _bMOR- |
| 245 | 0 | 0 |
_aMormon feminism : _bessential writings / _cedited by Joanna Brooks, Rachel Hunt Steenblik, and Hannah Wheelwright. |
| 260 |
_aOxford : _bOxford University Press, _c2016 |
||
| 300 |
_axvi, 324 p. ; _c25 cm |
||
| 520 | 0 | _aWomen in dialogue : an introduction / Claudia Lauper Bushman -- Exponent 2 is born / Claudia Lauper Bushman -- Millie's mother's red dress / Carol Lynn Pearson -- Hide and seek / Claire Peterson -- The implications of feminism for BYU / Elouise Bell -- Mormon sisters : feminists / Judith Rasmussen Dushku -- First grief / Margaret Munk -- Church and politics at the Utah IWY / Dixie Snow Huefner -- "My revolution" : excerpts from Housewife to heretic / Sonia Johnson -- "The church was once in the forefront of the women's movement" : speech to the Senate Constitutional Rights Subcommittee / Sonia Johnson -- Patriarchal panic : sexual politics in the Mormon Church / Sonia Johnson -- The Mormon concept of a Mother in Heaven / Linda Wilcox -- Another prayer and Let my sisters do for me / Lisa Hawkins Bolin -- Motherless house / Carol Lynn Pearson -- A gift given, a gift taken : washing, anointing, and blessing the sick among Mormon women / Linda King Newell -- Mormon women and the struggle for definition : the nineteenth-century church / Carol Cornwall Madsen -- Pink dialogue and beyond / Laurel Thatcher Ulrich -- Women and priesthood / Nadine Hansen -- Selections from Mormon women speak : A purple rose / Reva Beth Russell ; Expanding the vision / Cherie Taylor Pederson -- Across the generations / Mary Bradford -- The missing rib : the forgotten place of queens and priestessses in the establishment of Zion / Margaret Toscano -- An elegy in lower case (for President Spencer W. Kimball) / Linda Sillitoe -- Lusterware / Laurel Thatcher Ulrich -- The day of the lambs and the lions / Judith Rasmussen Dushku -- Wife #3 / Violet Tew Kimball -- A walk in the pink moccasins / Carol Lynn Pearson -- The meeting and When nice ain't so nice / Elouise Bell -- Mormonism's odd couple : the priesthood-motherhood connection / Sonja Farnsworth -- I am a Mormon, and I am for choice / Cecilia Konchar Farr -- Mother wove the morning / Carol Lynn Pearson -- The blessing / Susan Elizabeth Howe -- Put on your strength, O daughters of Zion : claiming priesthood and knowing the Mother / Margaret Toscano -- The LDS intellectual community and church leadership : a contemporary chronology / Lavina Fielding Anderson -- White roses : statement -- Border crossings / Laurel Thatcher Ulrich -- Toward a Mormon theology of God the Mother / Janice Allred -- Towards a feminist interpretation of Latter-day Saint scripture / Lynn Matthews Anderson -- Dancing through the doctrine / Cecilia Konchar Farr -- I have an answer / Lynn Matthews Anderson -- Could feminism have saved the Nephites? / Carol Lynn Pearson -- Where have all the Mormon feminists gone / Joanna Brooks -- Power hungry / Lorie Winder Stromberg -- There is always a struggle / Chieko Nishimura Okazaki -- The trouble with chicken patriarchy / Kynthia Taylor -- What women know -- 13 articles of faith of healthy chastity / Lisa Butterworth -- Invocation / Benediction / Joanna Brooks -- Two trees / Valerie Hudson Cassler -- Dear Mom / Chelsea Shields Strayer -- To do the business of the church : a cooperative paradigm for examining gendered participation within church organizational structure / Neylan McBaine -- Now I have the power / Meghan Raynes -- All are alike unto God / What Women Know Collective -- Equality is not a feeling / Kate Kelly -- On black bodies in white spaces : conversations on women's ordination and women of African descent in the Church of Jesus Christ of Latter-day Saints / Janan Graham -- Ordain women, but-- : a womanist perspective / Gina Colvin -- Rejoice in the diversity of our sisterhood / Lani Wendt Young -- Claim yourself : finding validation and purpose without institutional approval / Trine Thoma Nelson -- The Mormon priestess : LDS temple theology of womanhood / Liz Hammond -- Welcome baby, you are home / Rachel Hunt Steenblik -- Pioneers / Carol Lynn Pearson. | |
| 650 | 0 |
_aFeminism _xReligious aspects _xChurch of Jesus Christ of Latter-day Saints. |
|
| 700 | 1 | _aBrooks, Joanna, | |
| 700 | 1 | _aSteenblik, Rachel Hunt, | |
| 700 | 1 | _aWheelwright, Hannah, | |
| 942 | _cBK | ||
| 999 |
_c97658 _d97658 |
||